Statistiques concernant Harry Potter - Elèves des différentes maisons

Cliquez ici pour prendre le quiz!

Statistiques générales

  • Ce quiz a été pris 1 539 fois
  • Le résultat moyen est 70 sur 133

Statistiques - réponses

Noms d'élèves de GryffondorPrénoms% Correct
DumbledoreAlbus
99%
PotterHarry
99%
PotterJames
98%
EvansLily
97%
BlackSirius
95%
WeasleyFred
94%
GrangerHermione
94%
McGonagallMinerva
94%
WeasleyRon
94%
HagridRubeus
94%
FantômeDe Mimsy-Porpington Nicholas
93%
WeasleyGeorge
93%
PettigrowPeter
93%
LondubatNeville
92%
LupinRemus
91%
WeasleyArthur
90%
WeasleyBill
90%
WeasleyGinny
90%
WeasleyCharlie
89%
LovegoodLuna
89%
WeasleyPercy
89%
BlackBellatrix
88%
ChangCho
88%
MalefoyDrago
88%
PrewettMolly
88%
JedusorTom Elvis
88%
DiggoryCedric
86%
ThomasDean
86%
PatilParvati
86%
BrownLavande
85%
MalefoyLucius
85%
DuboisOlivier
85%
RogueSeverus
85%
TonksNymphadora
84%
PatilPadma
84%
FinniganSeamus
84%
DragonneauNorbert
83%
CriveyColin
82%
BellKatie
82%
OmbrageDolores
81%
LockhartGilderoy
79%
JordanLee
79%
BlackNarcissa
79%
Granger-Weasley | ZellerRose
79%
PotterAlbus Severus
78%
JohnsonAngelina
78%
SlughornHorace
78%
FantômeLe baron sanglant
78%
FlitwickFilius
76%
TrelawneySibylle
76%
LupinTeddy
74%
CrabbeVincent
73%
BlackRegulus
72%
FantômeSerdaigle Helena
72%
GoyleGregory
71%
FantômeLe moine gras
71%
ParkinsonPansy
71%
ChouravePomona
70%
McLaggenCormac
69%
AbbottHannah
68%
PotterJames Sirius
66%
ZabiniBlaise
65%
MalefoyScorpius
64%
DeauclairePenelope
61%
SpinnetAlicia
60%
QuirrellQuirinus
58%
MacMillanErnie
57%
CriveyDennis
56%
Finch-FletchleyJustin
56%
OllivanderGarrick
55%
VaneRomilda
55%
TonksAndromeda
51%
Belby | FlintMarcus
51%
BonesSusan
50%
LestrangeRodolphus
47%
Bagnold | BulstrodeMillicent
46%
FortarômeFlorian
42%
BlackPhineas Nigellus
42%
GreengrassAstoria
41%
MacDonaldMary
39%
RosierEvan
37%
CornerMichael
36%
GoldsteinAnthony
35%
BootTerry
35%
NottTheodore
35%
SmithZacharias
35%
EdgecombeMarietta
32%
DaviesRoger
31%
BlackOrion
30%
GreengrassDaphné
29%
LestrangeRabastan
25%
MidgenEloise
22%
BlackWalburga
22%
SmithHepzibah
20%
PuceyAdrian
17%
SloperJack
15%
RobinsDemelza
14%
AbercrombieEuan
14%
PeakesJimmy
14%
KirkeAndrew
12%
PotterFleamont
12%
BrûlopotSilvanus
12%
WarrenMyrtle
11%
TurpinLisa
10%
BowkerCraig Jr
7%
ChapmanPolly
7%
CooteRitchie
7%
Montague | PritchardGraham
6%
BrocklehurstMandy
6%
HiggsTerence
6%
CarmichaelEddie
5%
AckerleyStewart
5%
WarringtonCassius
4%
de WoodcroftHengist
4%
WhitbyKevin
4%
BoleLucian
4%
BletchleyMiles
4%
McDonaldNatalie
4%
StimpsonPatricia
4%
FrobisherVicky
4%
BranstoneEleanor
3%
TowlerKenneth
3%
MadleyLaura
3%
BaddockMalcolm
3%
MacDougalMorag
3%
DerrickPeregrine
3%
HooperGeoffrey
2%
QuirkeOrla
2%
CauldwellOwen
2%

Distribution des résultats

Percentile par nombre de réponses

% des personnes avec chaque résultat

Votre développement - résultats

Vous n’avez pas pris ce quiz